Vainqueurs et finalistes de la coupe du monde de Rugby - Statistiques

Statistiques générales
  • Ce quiz a été pris 1 149 fois
    756 depuis la dernière actualisation
  • Le résultat moyen est 16 sur 16
Statistiques - réponses
Année Statut Nation % Correct
Finaliste France
100%
Finaliste France
100%
Finaliste France
100%
1987 Vainqueur Nouvelle-Zelande
99%
Finaliste Nouvelle-Zelande
99%
2011 Vainqueur Nouvelle-Zelande
99%
2015 Vainqueur Nouvelle-Zelande
99%
1995 Vainqueur Afrique du sud
98%
2007 Vainqueur Afrique du sud
98%
Finaliste Angleterre
98%
2003 Vainqueur Angleterre
98%
Finaliste Angleterre
98%
1991 Vainqueur Australie
97%
1999 Vainqueur Australie
97%
Finaliste Australie
97%
Finaliste Australie
97%
Aucun quiz correspondant
Distribution des résultats
% des personnes avec chaque résultat
Percentile par nombre de réponses
Votre historique - résultats
Vous n’avez pas pris ce quiz depuis la dernière actualisation